000 00612nam a2200241 i 4500
001 C2-0091149
003 PPAK
005 20180727092244.0
008 970512s1991 enk |||| ||||| | eng d
020 _a0099259109
040 _aPPAK
_beng
_cPPAK
_erda
082 0 4 _a823
_223
090 0 0 _a823
_bREN
_dG
100 1 _aRendell, Ruth,
_eauthor
245 1 4 _aThe best man to die
264 1 _aLondon :
_bArrow Books ,
_c1991
300 _a184 pages ;
_c18 cm
336 _2rdacontent
_atext
337 _2rdamedia
_aunmediated
338 _2rdacarrier
_avolume
650 1 0 _aEnglish fiction
942 _ddc
_cB
999 _c19188
_d19188